=LDR 00000nam 2200000 4500 =001 INLIS000000000038197 =005 20161005163218.0 =006 =007 =008 ind =035 ##$$0010-061300000038197 =041 ##$$a ind =082 ##$$a 613.pri =100 ##$$a priandarini, lucia =245 ##$$a 1001 tip sehat =260 ##$$a transmedia $b jakarta =300 ##$$a 279 hlm =850 ##$$a NBPNMAT =990 ##$$a 0001/BPAP-NTB/20142014 =990 ##$$a 0001/BPAP-NTB/20142014